Kommunen im Kreis Heinsberg - Statistiken

Allgemein
  • Dieses Quiz wurde 31 mal gespielt
  • Das Durchschnittsergebnis liegt bei 7 aus 10
Antwortstatistiken
Einwohnerzahl Kommune % Korrekt
45.315 Erkelenz
95%
28.494 Geilenkirchen
89%
43.163 Heinsberg
89%
41.192 Hückelhoven
79%
19.713 Wassenberg
74%
28.089 Wegberg
74%
10.786 Selfkant
68%
24.277 Übach-Palenberg
63%
13.410 Gangelt
58%
9.242 Waldfeucht
47%
Keine übereinstimmenden Quizze gefunden
Verteilung der Resultate
Anzahl Personen mit jedem Resultat
Perzentil nach korrekt beantworteten Fragen
Ihre Resultats-Entwicklung
Sie haben dieses Quiz noch nicht gespielt